|
|
|
|
| LEADER |
00000nam a22000007a 4500 |
| 005 |
2022071206346.0 |
| 007 |
cr|||| ||| |
| 008 |
220712s2022 co |||||s|||| 00||0 spa d |
| 020 |
|
|
|a 978-958-53906-3-8
|
| 035 |
|
|
|a 36693
|
| 040 |
|
|
|a vLex
|
| 090 |
|
|
|c 13540
|d 13540
|
| 100 |
1 |
|
|a Chavarro Cadena, Jorge Enrique
|
| 245 |
1 |
0 |
|a Cartilla Declaracin̤ de Renta Personas Jurd̕icas 2022
|h [Recurso electrn̤ico] /
|c Jorge Enrique Chavarro Cadena, Cšar E. Anzola A., Edgar A. Castaęda M., Andrš E. Moreno A., Nancy Aragn̤ R.
|
| 256 |
|
|
|a Servicio en ln̕ea
|
| 260 |
|
|
|a Bogot:̀
|b Grupo Editorial Nueva Legislacin̤,
|c 2022
|
| 300 |
|
|
|a 1 recurso electrn̤ico
|
| 500 |
|
|
|a La presente cartilla ha sido elaborada para brindar mejor claridad acerca de las diferencias que surgen de la aplicacin̤ de normas contables y fiscales, lo cual conduce a un tratamiento especial al momento del cierre del ejercicio contable y fiscal, para efectos de la elaboracin̤ de la declaracin̤ de renta y patrimonio del respectivo aǫ, ayudando tambiň a recordar los asientos de cuentas de orden, por efectos de las mismas diferencias. Adems̀ introduce varios talleres con su respectivo diligenciamiento de la declaracin̤ de renta y complementarios, talleres para Personas Jurd̕icas. Formulario 110 con su aplicacin̤ prc̀tica.
|
| 506 |
1 |
|
|a Disponible solo en los productos indicados
|d vLex Global
|d vLex Global (Academic Edition, excluding Law Schools)
|d vLex Global (U.S. Academic Edition, Law Schools)
|d vLex Global (U.S. Academic Edition, excluding Law Schools)
|d vLex Global (Academic Edition, Law Schools)
|
| 650 |
0 |
4 |
|a Derecho Tributario
|z Colombia
|
| 700 |
1 |
|
|a Anzola A., Cšar E.
|
| 700 |
1 |
|
|a Castaęda M., Edgar A.
|
| 700 |
1 |
|
|a Moreno A., Andrš E.
|
| 700 |
1 |
|
|a Aragn̤ R., Nancy
|
| 740 |
0 |
|
|a vLex Libros (Servicio en ln̕ea)
|
| 856 |
4 |
0 |
|u https://app.vlex.com/#/sources/36693
|z Acceso restringido
|
| 942 |
|
|
|c BOOK
|
| 999 |
0 |
|
|a Tax Law
|